000 00291nam a2200133 i 4500
001 bg
100 1 _aKLUGIEWICZ, Jan
245 0 _aHydraulika /
_cJ. Klugiewicz.
260 _aBydgoszcz,
_c1986.
040 _cBPK
041 _apol
942 _cKS
008 s pl f |000 0 pol
999 _c3117
_d3117
856 _uhttp://koha.tu.koszalin.pl/cgi-bin/koha/opac-detail.pl?biblionumber=3117
_yKatalog online BPK